Países com mais de 50% de cobertura florestal - Statistics

Estatísticas Gerais
  • Esse quiz foi jogado 149 vezes
  • A pontuação média é 23 de 44
Estatísticas das Respostas
Ordem País % % Correto
31 Brasil 56,1%
98%
37 Colômbia 53,3%
82%
35 Peru 53,5%
81%
43 RD Congo 50,0%
79%
17 Congo 65,7%
77%
36 Bolívia 53,5%
76%
39 Venezuela 51,7%
76%
13 Guiana 70,3%
71%
30 Panamá 56,9%
66%
20 Papua Nova Guiné 63,6%
61%
10 Belize 72,0%
60%
11 Laos 71,6%
60%
42 Guatemala 51,0%
59%
24 Honduras 60,0%
58%
27 Malásia 59,5%
55%
40 Camboja 51,6%
54%
33 Fiji 54,7%
54%
3 Tuvalu 89,1%
54%
15 Japão 67,0%
50%
4 Palau 87,2%
50%
44 Zâmbia 50,0%
49%
6 Moçambique 78,0%
48%
1 Micronésia 89,7%
47%
12 Butão 70,5%
46%
34 Timor-Leste 53,7%
46%
9 Finlândia 72,0%
45%
41 Bahamas 51,5%
44%
7 Ilhas Salomão 78,0%
44%
19 Myanmar 63,6%
44%
14 Suécia 69,0%
44%
16 Zimbábue 66,4%
44%
21 Coreia do Sul 63,2%
43%
28 Guiné Equatorial 58,2%
42%
8 Coreia do Norte 73,0%
40%
5 Gabão 85,0%
40%
2 Seychelles 89,5%
40%
29 Guiné-Bissau 57,4%
38%
18 Dominica 65,0%
36%
26 Taiwan 60,0%
34%
23 Estônia 61,0%
33%
25 Letônia 60,0%
33%
22 Eslovênia 62,0%
20%
32 Benin 54,9%
16%
38 Bósnia e Herzegovina 53,0%
16%
Nenhum quiz correspondente encontrado
Distribuição das Pontuações
Porcentagem de Pessoas com Cada Pontuação
Percentil de Números Respondidos
Sua Pontuação Histórica
Você não jogou esse quiz